[Event "87o Campeonato Brasileiro Absoluto Final Aberta"]
[Site "Cuiaba MT"]
[Date "2021.10.28"]
[Round "1"]
[Board "78"]
[White "De Souza, Eliel Martins"]
[Black "Almeida, Tiago De"]
[Result "1/2-1/2"]
[WhiteElo "1709"]
[BlackElo "1943"]
[PlyCount "61"]
[EventDate "2021.10.28"]
[EventRounds "11"]
[EventCountry "BRA"]

1. e4 e6 2. d4 d5 3. exd5 exd5 4. Bd3 Bd6 5. Nc3 c6 6. Nf3 Ne7 7. Bg5 f6 8. Be3
Bf5 9. Nh4 Bxd3 10. Qxd3 Na6 11. a3 Qd7 12. Na4 Qg4 13. g3 g5 14. h3 Qd7 15.
Ng2 O-O-O 16. O-O-O Qf5 17. g4 Qxd3 18. Rxd3 Ng6 19. Nc3 Nc7 20. Ne2 Ne6 21. c3
h5 22. Rhd1 Rde8 23. Rf1 Ng7 24. Kd1 hxg4 25. hxg4 Ne6 26. Bd2 Nh4 27. Nxh4
gxh4 28. Ng1 Reg8 29. f3 Bg3 30. Ne2 Bd6 31. Ng1   1/2-1/2

[Event "87o Campeonato Brasileiro Absoluto Final Aberta"]
[Site "Cuiaba MT"]
[Date "2021.10.29"]
[Round "2"]
[Board "1"]
[White "Silva, Kaua Marques"]
[Black "Supi, Luis Paulo"]
[Result "0-1"]
[WhiteElo "2086"]
[BlackElo "2572"]
[PlyCount "56"]
[EventDate "2021.10.28"]
[EventRounds "11"]
[EventCountry "BRA"]

1. e4 c5 2. Nf3 d6 3. d4 cxd4 4. Nxd4 Nf6 5. Nc3 a6 6. Be2 e5 7. Nb3 Be6 8. f4
Be7 9. g4 h6 10. g5 hxg5 11. f5 Bd7 12. Bxg5 Bc6 13. Qd3 Nxe4 14. Nxe4 Bxg5 15.
Nxd6+ Kf8 16. Ne4 Bh4+ 17. Kf1 Nd7 18. Nbd2 Qb6 19. Qa3+ Kg8 20. Rg1 Nf6 21.
Ng3 Bg5 22. Nc4 Qd4 23. Rg2 b5 24. Nd6 Nd5 25. c3 Ne3+ 26. Kg1 Qh4 27. Nh5 Nxg2
28. Qb3 Be3+  0-1

[Event "87o Campeonato Brasileiro Absoluto Final Aberta"]
[Site "Cuiaba MT"]
[Date "2021.10.29"]
[Round "2"]
[Board "2"]
[White "Fier, Alexandr"]
[Black "Souza Neves, Andrey M."]
[Result "1-0"]
[WhiteElo "2563"]
[BlackElo "2087"]
[PlyCount "71"]
[EventDate "2021.10.28"]
[EventRounds "11"]
[EventCountry "BRA"]

1. e4 e5 2. Nf3 Nf6 3. Nxe5 d6 4. Nf3 Nxe4 5. d4 d5 6. Bd3 Bd6 7. O-O O-O 8. c4
c6 9. Nc3 Nxc3 10. bxc3 dxc4 11. Bxc4 Bf5 12. Bg5 Qc7 13. Nh4 Be6 14. Bxe6 fxe6
15. Nf3 Nd7 16. Qb3 Rae8 17. Rfe1 Qb6 18. Re2 h6 19. Bh4 g5 20. Bg3 Bxg3 21.
hxg3 Rf6 22. Qa3 Rf5 23. Rae1 g4 24. Nd2 c5 25. Nc4 Qc6 26. Qxa7 b6 27. Qa3
cxd4 28. Nd6 Ra5 29. Qb4 Ra4 30. Qb1 Qxd6 31. Qg6+ Kf8 32. Rxe6 Rxe6 33. Rxe6
Qb8 34. Qf5+ Kg8 35. Rg6+ Kh8 36. Rxh6+  1-0

[Event "87o Campeonato Brasileiro Absoluto Final Aberta"]
[Site "Cuiaba MT"]
[Date "2021.10.29"]
[Round "2"]
[Board "3"]
[White "Piccoli, Lucas Fonseca"]
[Black "Mekhitarian, Krikor Sevag"]
[Result "0-1"]
[WhiteElo "2075"]
[BlackElo "2560"]
[PlyCount "212"]
[EventDate "2021.10.28"]
[EventRounds "11"]
[EventCountry "BRA"]

1. c4 e6 2. Nf3 d5 3. g3 Nf6 4. Bg2 d4 5. e3 c5 6. exd4 cxd4 7. d3 Nc6 8. O-O
Bd6 9. Na3 O-O 10. Nc2 e5 11. a3 a5 12. b3 h6 13. Rb1 Re8 14. b4 axb4 15. axb4
Bf5 16. h3 Qd7 17. g4 Bh7 18. g5 hxg5 19. Nxg5 Bg6 20. b5 Ne7 21. b6 Nf5 22.
Ne4 Nxe4 23. Bxe4 Nh4 24. Bxg6 Nxg6 25. Qf3 Re6 26. Bg5 Be7 27. h4 Nxh4 28.
Bxh4 Bxh4 29. Ne1 Rf6 30. Qd5 Rd6 31. Qf3 Bd8 32. Rb5 f6 33. Ng2 Rxb6 34. Rxb6
Bxb6 35. Rb1 Ra6 36. c5 Bxc5 37. Rxb7 Ra1+ 38. Kh2 Qe6 39. Qg3 Bf8 40. Qg6 Ra2
41. Kg3 Qd5 42. Rb1 Ra3 43. f3 Qf7 44. Qf5 g6 45. Qe4 Ra7 46. Rb8 Kg7 47. Rb1
Bd6 48. Qc6 Qd7 49. Qe4 Rc7 50. Rh1 Qf5 51. Qxf5 gxf5 52. Nh4 f4+ 53. Kg4 Kf7
54. Kf5 Bf8 55. Rb1 Ra7 56. Rb6 Bg7 57. Rc6 Rd7 58. Rb6 Re7 59. Ng6 Re8 60.
Rb7+ Kg8 61. Ra7 Kh7 62. Ne7 e4 63. fxe4 f3 64. Nd5 f2 65. Ra1 Re5+ 66. Kf4 f5
67. Rf1 fxe4 68. dxe4 Re8 69. Rxf2 Rf8+ 70. Kg3 Be5+ 71. Kg2 Rg8+ 72. Kf1 Rg4
73. Re2 Rh4 74. Ke1 Kg6 75. Kd2 Kf7 76. Nb4 Ke6 77. Nd3 Bf6 78. Nc5+ Kd6 79.
Nd3 Bg5+ 80. Kc2 Rh8 81. e5+ Kd5 82. Nb4+ Kc4 83. Nd3 Rc8 84. e6 Be3 85. e7
Kd5+ 86. Kb3 Re8 87. Nb4+ Ke4 88. Nc2 Rxe7 89. Nxd4 Kxd4 90. Rc2 Rb7+ 91. Ka4
Kd5 92. Rc3 Bd4 93. Rc2 Bc5 94. Rc1 Rb4+ 95. Ka5 Kc6 96. Rc3 Rh4 97. Rc2 Rh3
98. Rc4 Rg3 99. Rh4 Rc3 100. Rg4 Rb3 101. Rg6+ Kd5 102. Rg5+ Kc4 103. Rg4+ Bd4
104. Ka6 Rb6+ 105. Ka5 Rh6 106. Rf4 Rh7  0-1

[Event "87o Campeonato Brasileiro Absoluto Final Aberta"]
[Site "Cuiaba MT"]
[Date "2021.10.29"]
[Round "2"]
[Board "4"]
[White "Barbosa, Evandro Amorim"]
[Black "Nunes Jr, Sidney"]
[Result "1-0"]
[WhiteElo "2509"]
[BlackElo "2084"]
[PlyCount "53"]
[EventDate "2021.10.28"]
[EventRounds "11"]
[EventCountry "BRA"]

1. Nf3 c5 2. e4 g6 3. d4 cxd4 4. Nxd4 Bg7 5. c4 Nc6 6. Be3 Nf6 7. Nc3 Nxd4 8.
Bxd4 d6 9. Be2 Be6 10. O-O O-O 11. f4 Rc8 12. b3 Qa5 13. Rc1 a6 14. Qd3 Rfe8
15. Kh1 Bg4 16. e5 Bxe2 17. Qxe2 Nd7 18. e6 Nf6 19. f5 gxf5 20. Nd5 fxe6 21.
Qxe6+ Kh8 22. Nxe7 Rxe7 23. Qxc8+ Ng8 24. Bxg7+ Rxg7 25. Qxf5 Qxa2 26. Qf3 Nf6
27. Rce1  1-0

[Event "87o Campeonato Brasileiro Absoluto Final Aberta"]
[Site "Cuiaba MT"]
[Date "2021.10.29"]
[Round "2"]
[Board "5"]
[White "Andrade, Roberto Luiz Costa"]
[Black "Lima, Darcy"]
[Result "0-1"]
[WhiteElo "2060"]
[BlackElo "2508"]
[PlyCount "98"]
[EventDate "2021.10.28"]
[EventRounds "11"]
[EventCountry "BRA"]

1. e4 g6 2. d4 d6 3. Nc3 c6 4. Be3 Nd7 5. Qd2 Bg7 6. Bd3 e5 7. Nf3 Ngf6 8. h3
O-O 9. O-O b5 10. a3 a6 11. Rad1 c5 12. dxe5 dxe5 13. Rfe1 Bb7 14. Bg5 Qc7 15.
Bf1 Rfe8 16. Qd6 Qc8 17. Qd2 Nb6 18. Bxf6 Bxf6 19. Qh6 Bg7 20. Qh4 Rd8 21. Nd5
Nxd5 22. exd5 Rxd5 23. Rxd5 Bxd5 24. Nxe5 c4 25. c3 Qd8 26. Qxd8+ Rxd8 27. f4
Bb7 28. a4 Bf8 29. Be2 Rd2 30. axb5 axb5 31. Bf3 Bc5+ 32. Kh2 Bxf3 33. Nxf3
Rxb2 34. Re8+ Kg7 35. Kg3 Bf2+ 36. Kh2 Rc2 37. Rb8 Rxc3 38. Rxb5 Rb3 39. Rxb3
cxb3 40. Nd2 b2 41. Nb1 Kf6 42. g4 Ke6 43. Kg2 Bd4 44. Kf3 Kd5 45. Nd2 Bc3 46.
Nb1 Kd4 47. Ke2 Bb4 48. f5 g5 49. f6 Ke4  0-1

[Event "87o Campeonato Brasileiro Absoluto Final Aberta"]
[Site "Cuiaba MT"]
[Date "2021.10.29"]
[Round "2"]
[Board "6"]
[White "Santiago, Yago De Moura"]
[Black "Veiga, Emerson De Sousa"]
[Result "1-0"]
[WhiteElo "2478"]
[BlackElo "2072"]
[PlyCount "59"]
[EventDate "2021.10.28"]
[EventRounds "11"]
[EventCountry "BRA"]

1. d4 Nf6 2. Nf3 e6 3. Bg5 d5 4. e3 Be7 5. Nbd2 O-O 6. Bd3 b6 7. Qe2 c5 8. c3
Bb7 9. Bxf6 Bxf6 10. h4 Nc6 11. Ng5 g6 12. f4 Qd6 13. g3 Rfe8 14. O-O-O Rac8
15. Kb1 cxd4 16. exd4 Na5 17. Ndf3 Kg7 18. h5 Rh8 19. Ne5 Bxg5 20. fxg5 Nc6 21.
Nxf7 Kxf7 22. hxg6+ Ke7 23. Rxh7+ Rxh7 24. gxh7 Qxg3 25. Qh5 Rh8 26. Qg6 Kd6
27. Qf6 Qg4 28. Re1 Qh3 29. Bf5 Rxh7 30. Bxh3  1-0

[Event "87o Campeonato Brasileiro Absoluto Final Aberta"]
[Site "Cuiaba MT"]
[Date "2021.10.29"]
[Round "2"]
[Board "7"]
[White "Uczai, Joao Pedro Filimberti"]
[Black "Di Berardino, Diego Rafael"]
[Result "0-1"]
[WhiteElo "2058"]
[BlackElo "2471"]
[PlyCount "64"]
[EventDate "2021.10.28"]
[EventRounds "11"]
[EventCountry "BRA"]

1. e4 c5 2. b3 g6 3. Bb2 Nf6 4. e5 Nd5 5. Qf3 Nb4 6. Na3 Bg7 7. e6 f6 8. exd7+
Qxd7 9. Bb5 N8c6 10. Ne2 a6 11. Bxc6 Qxc6 12. Qxc6+ Nxc6 13. Nc4 Be6 14. Nb6
Rd8 15. O-O-O Bh6 16. Rhe1 Kf7 17. Na4 c4 18. Nc5 Bd5 19. f3 cxb3 20. axb3 Nb4
21. Nc3 Bc6 22. Re2 e5 23. Kb1 Nd5 24. Nxd5 Rxd5 25. Ne4 Rhd8 26. d3 a5 27. Ba3
b5 28. Nc3 R5d7 29. Bc5 Rc8 30. d4 b4 31. Na4 Bxa4 32. bxa4 Rxc5  0-1

[Event "87o Campeonato Brasileiro Absoluto Final Aberta"]
[Site "Cuiaba MT"]
[Date "2021.10.29"]
[Round "2"]
[Board "8"]
[White "Quintiliano Pinto, Renato R."]
[Black "De Oliveira, Aquiles Machado"]
[Result "1-0"]
[WhiteElo "2469"]
[BlackElo "2059"]
[PlyCount "45"]
[EventDate "2021.10.28"]
[EventRounds "11"]
[EventCountry "BRA"]

1. e4 c5 2. Nc3 a6 3. Nf3 e6 4. g3 b5 5. d4 cxd4 6. Nxd4 Bb7 7. Bg2 Nf6 8. a3
d6 9. O-O Nbd7 10. Re1 Qc7 11. a4 b4 12. Nd5 exd5 13. exd5+ Kd8 14. Nc6+ Bxc6
15. dxc6 Nb8 16. Bg5 Be7 17. c4 Ke8 18. c5 Kf8 19. Bf4 Ne8 20. cxd6 Nxd6 21.
Rxe7 Kxe7 22. Qe1+ Kf8 23. Rd1  1-0

[Event "87o Campeonato Brasileiro Absoluto Final Aberta"]
[Site "Cuiaba MT"]
[Date "2021.10.29"]
[Round "2"]
[Board "10"]
[White "Molina, Roberto Junio Brito"]
[Black "Nemeth Junior, Henrique"]
[Result "0-1"]
[WhiteElo "2434"]
[BlackElo "2056"]
[PlyCount "106"]
[EventDate "2021.10.28"]
[EventRounds "11"]
[EventCountry "BRA"]

1. c4 Nf6 2. Nc3 c5 3. Nf3 e6 4. g3 b6 5. Bg2 Bb7 6. O-O Be7 7. d4 cxd4 8. Qxd4
d6 9. Rd1 a6 10. e4 Nbd7 11. Qe3 Qc7 12. b3 O-O 13. Bb2 Rfe8 14. Rac1 Rad8 15.
Qe2 Qb8 16. Ne1 Qa8 17. f3 h5 18. Nd3 Nc5 19. Nxc5 dxc5 20. e5 Nh7 21. f4 g5
22. Bxb7 Qxb7 23. f5 g4 24. f6 Ng5 25. h4 Nf3+ 26. Kf2 Bf8 27. Qe4 Qb8 28. Ne2
Rxd1 29. Rxd1 Rd8 30. Rd3 Rxd3 31. Qxd3 Nxe5 32. Qe3 Ng6 33. Qg5 Qb7 34. Qxh5
Qf3+ 35. Ke1 Qh1+ 36. Kd2 Qe4 37. Nf4 Nxf4 38. Qxg4+ Qg6 39. Qxg6+ Nxg6 40. h5
Bh6+ 41. Kd3 Nf8 42. Ke4 Nd7 43. g4 Bg5 44. a3 Nxf6+ 45. Ke5 Ne8 46. Ke4 f6 47.
b4 Nd6+ 48. Kd3 e5 49. bxc5 bxc5 50. a4 e4+ 51. Kc3 Be3 52. Kb3 Kg7 53. Bc3 Nf7
 0-1

[Event "87o Campeonato Brasileiro Absoluto Final Aberta"]
[Site "Cuiaba MT"]
[Date "2021.10.29"]
[Round "2"]
[Board "11"]
[White "Bittencourt, Jorge"]
[Black "Do Nascimento, Christian Almeida"]
[Result "1/2-1/2"]
[WhiteElo "2414"]
[BlackElo "2037"]
[PlyCount "118"]
[EventDate "2021.10.28"]
[EventRounds "11"]
[EventCountry "BRA"]

1. d4 c5 2. d5 Nf6 3. c4 g6 4. Nc3 Bg7 5. e4 d6 6. Nf3 O-O 7. Be2 e5 8. h3 Nh5
9. g3 Na6 10. Nh2 Nf6 11. g4 Ne8 12. Be3 f5 13. gxf5 gxf5 14. exf5 Bxf5 15. Bg4
Bg6 16. Rg1 Nb4 17. Be6+ Kh8 18. Rxg6 hxg6 19. a3 Na6 20. Qg4 Nf6 21. Qxg6 Qe8
22. Qg2 Nc7 23. Bf5 Rg8 24. Qg5 Qh5 25. h4 Rgf8 26. Bg6 Qxg5 27. hxg5 Ng8 28.
Ke2 Ne7 29. Be4 Nf5 30. Ng4 Rab8 31. Rh1+ Kg8 32. Bxf5 Rxf5 33. Ne4 Ne8 34. b4
cxb4 35. axb4 Rc8 36. Kd3 Rf7 37. Ra1 b6 38. b5 Rfc7 39. Ra4 Kf7 40. Bc1 Kg6
41. Ba3 Rd8 42. Ne3 Bf8 43. Nc2 Rdc8 44. Bc1 Ng7 45. f4 Nf5 46. fxe5 dxe5 47.
Bb2 Rh7 48. Nf6 Rh3+ 49. Kd2 Nd6 50. Nd7 Bg7 51. c5 Rh2+ 52. Kd1 Nxb5 53. c6
Rf2 54. Nxe5+ Bxe5 55. Bxe5 Rd8 56. Ne3 Rff8 57. Kd2 Rfe8 58. Bf6 Rd6 59. Ra1
Rc8  1/2-1/2

[Event "87o Campeonato Brasileiro Absoluto Final Aberta"]
[Site "Cuiaba MT"]
[Date "2021.10.29"]
[Round "2"]
[Board "12"]
[White "Bandeira, Tarciano"]
[Black "Umetsubo, Cesar Hidemitsu"]
[Result "0-1"]
[WhiteElo "2026"]
[BlackElo "2379"]
[PlyCount "84"]
[EventDate "2021.10.28"]
[EventRounds "11"]
[EventCountry "BRA"]

1. e4 c5 2. Nf3 e6 3. d4 cxd4 4. Nxd4 Nf6 5. Nc3 d6 6. Bc4 Be7 7. Be3 O-O 8. g4
d5 9. exd5 exd5 10. Be2 Nc6 11. g5 Ne4 12. Nxe4 Nxd4 13. Qxd4 dxe4 14. Qxd8
Rxd8 15. Rd1 Bh3 16. Bf1 Rxd1+ 17. Kxd1 Bg4+ 18. Be2 Rd8+ 19. Ke1 Bh3 20. Bf1
Be6 21. a3 a6 22. h4 f5 23. gxf6 Bxf6 24. Bg5 Kf7 25. Bxf6 gxf6 26. Bh3 f5 27.
Ke2 Kf6 28. Rd1 Rc8 29. c3 Ke5 30. Rg1 Bc4+ 31. Ke1 Rc7 32. Bf1 Bd5 33. Be2 Rd7
34. Rg5 Rd6 35. Rg7 h6 36. c4 Bc6 37. h5 f4 38. b4 f3 39. Bd1 Kd4 40. Bb3 Kc3
41. Rg6 Rxg6 42. hxg6 Be8  0-1

[Event "87o Campeonato Brasileiro Absoluto Final Aberta"]
[Site "Cuiaba MT"]
[Date "2021.10.29"]
[Round "2"]
[Board "13"]
[White "Santos, Marcus Vinicius Moreira"]
[Black "Dantas, Neimar De Oliveira"]
[Result "1-0"]
[WhiteElo "2375"]
[BlackElo "2030"]
[PlyCount "55"]
[EventDate "2021.10.28"]
[EventRounds "11"]
[EventCountry "BRA"]

1. d4 Nf6 2. c4 e6 3. Nc3 Bb4 4. e3 Bxc3+ 5. bxc3 b6 6. Bd3 Bb7 7. f3 d6 8. Ne2
Nbd7 9. O-O Qe7 10. e4 c5 11. a4 a5 12. Ra2 h6 13. Ng3 g6 14. f4 cxd4 15. cxd4
e5 16. fxe5 dxe5 17. Ba3 Qe6 18. d5 Qg4 19. Qxg4 Nxg4 20. h3 Ngf6 21. Raf2 Nh7
22. Rxf7 O-O-O 23. Ne2 g5 24. Ng3 Nhf8 25. Nf5 Nc5 26. Bxc5 bxc5 27. Rb1 Bc6
28. Ne7+  1-0

[Event "87o Campeonato Brasileiro Absoluto Final Aberta"]
[Site "Cuiaba MT"]
[Date "2021.10.29"]
[Round "2"]
[Board "14"]
[White "Alves Campelo, Danilo Cesar De L"]
[Black "Limp, Eduardo Thelio"]
[Result "0-1"]
[WhiteElo "2017"]
[BlackElo "2364"]
[PlyCount "72"]
[EventDate "2021.10.28"]
[EventRounds "11"]
[EventCountry "BRA"]

1. e4 c5 2. Nf3 d6 3. d4 cxd4 4. Nxd4 Nf6 5. Nc3 a6 6. Bg5 e6 7. f4 Be7 8. Qf3
h6 9. Bxf6 Bxf6 10. O-O-O Qb6 11. Nb3 Nd7 12. g4 Qc7 13. Bg2 g5 14. e5 Be7 15.
exd6 Bxd6 16. f5 Bf4+ 17. Kb1 Ne5 18. Qe2 Bd7 19. fxe6 fxe6 20. Ne4 Ke7 21. Nd4
Rad8 22. h4 Bc8 23. hxg5 hxg5 24. Rxh8 Rxh8 25. Nc3 Kf7 26. Rh1 Rxh1+ 27. Bxh1
Qc4 28. Qxc4 Nxc4 29. Ne4 Ne3 30. Bf3 Ke7 31. Nc5 b6 32. Na4 e5 33. Nxb6 Bxg4
34. Nc6+ Kd6 35. Be4 Bf5 36. Bxf5 Kxc6  0-1

[Event "87o Campeonato Brasileiro Absoluto Final Aberta"]
[Site "Cuiaba MT"]
[Date "2021.10.29"]
[Round "2"]
[Board "15"]
[White "Rodrigues, Edgar"]
[Black "Pereira, Geanfrancesco"]
[Result "1-0"]
[WhiteElo "2339"]
[BlackElo "2023"]
[PlyCount "75"]
[EventDate "2021.10.28"]
[EventRounds "11"]
[EventCountry "BRA"]

1. e4 c5 2. Nf3 d6 3. d4 cxd4 4. Nxd4 Nf6 5. Nc3 g6 6. Be3 Bg7 7. f3 Nc6 8. Qd2
O-O 9. Bc4 Bd7 10. O-O-O Rb8 11. Kb1 Na5 12. Be2 a6 13. h4 b5 14. h5 Nc4 15.
Bxc4 bxc4 16. Ka1 Qb6 17. Rb1 Qa5 18. Bh6 Rb4 19. Bxg7 Kxg7 20. hxg6 fxg6 21.
a3 Rfb8 22. Na2 Ra4 23. Qh6+ Kg8 24. c3 Qc5 25. g4 Ra5 26. f4 Bxg4 27. f5 Kf7
28. Ne6 Qb6 29. Ng5+ Ke8 30. Nxh7 Nxe4 31. Qxg6+ Kd8 32. Qxg4 Nd2 33. Nb4 Nxb1
34. Rxb1 Re5 35. f6 a5 36. f7 Kc7 37. Qxc4+ Kb7 38. Nd5  1-0

[Event "87o Campeonato Brasileiro Absoluto Final Aberta"]
[Site "Cuiaba MT"]
[Date "2021.10.29"]
[Round "2"]
[Board "16"]
[White "Souza Dos Santos, Matheus Garcett"]
[Black "Cadilhac, Igor Tokuichi Kikuchi"]
[Result "0-1"]
[WhiteElo "1999"]
[BlackElo "2323"]
[PlyCount "84"]
[EventDate "2021.10.28"]
[EventRounds "11"]
[EventCountry "BRA"]

1. e4 e5 2. Nf3 Nc6 3. Bc4 Nf6 4. d3 Be7 5. c3 O-O 6. O-O d6 7. Nbd2 Na5 8. Re1
Nxc4 9. Nxc4 Re8 10. a4 Be6 11. a5 b5 12. axb6 axb6 13. Na3 Bf8 14. Bg5 h6 15.
Bh4 g5 16. Bg3 Nd7 17. c4 Bg7 18. Nd2 Nc5 19. Qc2 Bd7 20. b4 Ne6 21. Nb3 f5 22.
f3 Ra4 23. b5 Qa8 24. Qb2 Nf4 25. Red1 g4 26. Nc2 Rxa1 27. Rxa1 Qd8 28. Nb4
gxf3 29. gxf3 Nh3+ 30. Kh1 fxe4 31. dxe4 Rf8 32. Qe2 Ng5 33. Nd2 Ne6 34. Qd3
Bf6 35. Nd5 Bg5 36. Ne3 Kh7 37. Nf5 Nc5 38. Qc2 Bxf5 39. exf5 Bxd2 40. Qxd2 Nb3
41. Qd3 Nxa1 42. f6+ Kh8  0-1

[Event "87o Campeonato Brasileiro Absoluto Final Aberta"]
[Site "Cuiaba MT"]
[Date "2021.10.29"]
[Round "2"]
[Board "17"]
[White "Oliveira, Silvio Eduardo"]
[Black "Pinto, Pedro Jorge De Moraes"]
[Result "1-0"]
[WhiteElo "2321"]
[BlackElo "2010"]
[PlyCount "60"]
[EventDate "2021.10.28"]
[EventRounds "11"]
[EventCountry "BRA"]

1. e4 c5 2. Nf3 d6 3. d4 cxd4 4. Nxd4 e5 5. Bb5+ Bd7 6. Bxd7+ Qxd7 7. Nf5 g6 8.
Ne3 Nf6 9. Nc3 Qc6 10. Ned5 Nbd7 11. Bg5 Nxd5 12. Nxd5 Bg7 13. Qf3 f6 14. Be3
Rc8 15. O-O Kf7 16. c3 h5 17. Rfd1 h4 18. Rd2 a5 19. Rad1 Rcd8 20. b4 b6 21. h3
Rh5 22. Qg4 f5 23. Qxg6+ Kxg6 24. Ne7+ Kh7 25. Nxc6 Rc8 26. Rxd6 f4 27. Bc1 Nf6
28. f3 Ne8 29. Re6 Rh6 30. Rxh6+ Kxh6  1-0

[Event "87o Campeonato Brasileiro Absoluto Final Aberta"]
[Site "Cuiaba MT"]
[Date "2021.10.29"]
[Round "2"]
[Board "18"]
[White "Cavalcante, Rodrigo Moreira"]
[Black "Filgueiras, Nathan Felipe"]
[Result "1/2-1/2"]
[WhiteElo "1964"]
[BlackElo "2312"]
[PlyCount "83"]
[EventDate "2021.10.28"]
[EventRounds "11"]
[EventCountry "BRA"]

1. d4 Nf6 2. c4 e6 3. Nf3 b6 4. g3 Bb7 5. Bg2 g6 6. O-O Bg7 7. Nc3 O-O 8. Bg5
d5 9. cxd5 exd5 10. Rc1 Re8 11. Ne5 h6 12. Be3 Qe7 13. Qb3 c6 14. f4 Nbd7 15.
Bf2 Red8 16. e4 Rac8 17. exd5 cxd5 18. Nxd5 Bxd5 19. Bxd5 Nxe5 20. Rxc8 Rxc8
21. fxe5 Nxd5 22. Qxd5 Rc2 23. Qb3 Qc7 24. Be1 Re2 25. Bc3 Qb7 26. Rf2 Rxf2 27.
Kxf2 Qh1 28. Qc4 Qxh2+ 29. Kf3 Qh1+ 30. Kf2 Qh2+ 31. Kf3 h5 32. Qf1 Qc2 33. Qe2
Qb1 34. a3 g5 35. Kg2 h4 36. g4 Bf8 37. e6 h3+ 38. Kxh3 Qh1+ 39. Qh2 Qf1+ 40.
Qg2 Qd3+ 41. Qg3 Qh7+ 42. Kg2  1/2-1/2

[Event "87o Campeonato Brasileiro Absoluto Final Aberta"]
[Site "Cuiaba MT"]
[Date "2021.10.29"]
[Round "2"]
[Board "19"]
[White "Labussiere, Victor"]
[Black "Fedrizzi, Roberto Senatore"]
[Result "1-0"]
[WhiteElo "2291"]
[BlackElo "1962"]
[PlyCount "63"]
[EventDate "2021.10.28"]
[EventRounds "11"]
[EventCountry "BRA"]

1. Nf3 Nf6 2. c4 e6 3. g3 d5 4. d4 c6 5. Nbd2 Nbd7 6. Bg2 Be7 7. O-O O-O 8. Qc2
h6 9. e4 b6 10. Re1 Bb7 11. e5 Ne8 12. cxd5 cxd5 13. Bf1 Nc7 14. Qa4 a6 15. Bd3
Rc8 16. Qd1 Re8 17. Nf1 Nf8 18. Ne3 h5 19. Ng2 g6 20. h4 Qd7 21. Bh6 Red8 22.
Qe2 Qe8 23. Nf4 Rd7 24. Ng5 Bxg5 25. Bxg5 Nh7 26. Nxh5 Qf8 27. Nf6+ Nxf6 28.
exf6 e5 29. Qxe5 Re8 30. Qf4 Ne6 31. Qg4 Bc8 32. h5  1-0

[Event "87o Campeonato Brasileiro Absoluto Final Aberta"]
[Site "Cuiaba MT"]
[Date "2021.10.29"]
[Round "2"]
[Board "20"]
[White "Castro Silva, Alex"]
[Black "Cunha, Lucas Aguiar"]
[Result "0-1"]
[WhiteElo "1961"]
[BlackElo "2290"]
[PlyCount "70"]
[EventDate "2021.10.28"]
[EventRounds "11"]
[EventCountry "BRA"]

1. e4 c5 2. Nf3 e6 3. d4 cxd4 4. Nxd4 Nc6 5. Nc3 Qc7 6. Be3 a6 7. Bd3 Nf6 8. a3
Nxd4 9. Bxd4 Bc5 10. Bxc5 Qxc5 11. Qe2 d6 12. O-O O-O 13. Kh1 e5 14. Bc4 Be6
15. Bb3 Rac8 16. f4 exf4 17. Rxf4 Qe5 18. Raf1 Rc5 19. Qd3 Rfc8 20. Nd5 Bxd5
21. Bxd5 Qxb2 22. Bb3 Qe5 23. Qg3 R5c7 24. Qh3 Re8 25. Qf3 b5 26. g4 h6 27. h4
a5 28. g5 hxg5 29. hxg5 Qxg5 30. Rg1 Qh6+ 31. Kg2 a4 32. Bd5 Rxc2+ 33. Kf1 Rc1+
34. Kf2 Qh2+ 35. Rg2 Rc2+  0-1

[Event "87o Campeonato Brasileiro Absoluto Final Aberta"]
[Site "Cuiaba MT"]
[Date "2021.10.29"]
[Round "2"]
[Board "21"]
[White "Do Valle Cardoso, Lucas"]
[Black "Custodio, Leandro"]
[Result "1-0"]
[WhiteElo "2285"]
[BlackElo "1953"]
[PlyCount "63"]
[EventDate "2021.10.28"]
[EventRounds "11"]
[EventCountry "BRA"]

1. e4 Nc6 2. Nf3 d6 3. d4 Nf6 4. Nc3 Bg4 5. d5 Nb8 6. h3 Bxf3 7. Qxf3 c6 8. Bd2
g6 9. O-O-O Nbd7 10. g4 h5 11. g5 Nh7 12. Qg3 Bg7 13. f4 O-O 14. Bd3 Re8 15. e5
Nhf8 16. e6 fxe6 17. dxe6 Nc5 18. Rhe1 Qa5 19. Kb1 Nxd3 20. Qxd3 Qf5 21. Qe3 b5
22. Ne4 Qxe6 23. Bc3 Qf7 24. Bxg7 Qxg7 25. f5 Nd7 26. f6 exf6 27. Rxd6 Kh8 28.
Qd2 Nb6 29. gxf6 Qf8 30. f7 Qxf7 31. Qh6+ Qh7 32. Qxh7+  1-0

[Event "87o Campeonato Brasileiro Absoluto Final Aberta"]
[Site "Cuiaba MT"]
[Date "2021.10.29"]
[Round "2"]
[Board "22"]
[White "Cilento, Lucas Geraldo"]
[Black "Guimaraes, Diogo Duarte"]
[Result "0-1"]
[WhiteElo "1952"]
[BlackElo "2264"]
[PlyCount "78"]
[EventDate "2021.10.28"]
[EventRounds "11"]
[EventCountry "BRA"]

1. e4 e5 2. Nf3 Nc6 3. Bb5 Nf6 4. O-O Nxe4 5. d4 Be7 6. dxe5 O-O 7. Qe2 d5 8.
Nc3 Nxc3 9. bxc3 Bg4 10. Bxc6 bxc6 11. h3 Bh5 12. g4 Bg6 13. Nd4 Qd7 14. f4 Be4
15. Be3 c5 16. Nb3 Qc6 17. Qf2 c4 18. Nd4 Qh6 19. Kh2 c5 20. Nf5 Bxf5 21. gxf5
Qh5 22. f6 gxf6 23. Rg1+ Kh8 24. exf6 Bxf6 25. Bxc5 Rg8 26. Bd4 Qf5 27. Bxf6+
Qxf6 28. Qd4 Qxd4 29. cxd4 Rae8 30. Rge1 Rxe1 31. Rxe1 Rb8 32. Re7 Rb2 33. Rxa7
Rxc2+ 34. Kg3 Rd2 35. a4 Rxd4 36. a5 c3 37. a6 Ra4 38. Rc7 d4 39. a7 Rxa7  0-1

[Event "87o Campeonato Brasileiro Absoluto Final Aberta"]
[Site "Cuiaba MT"]
[Date "2021.10.29"]
[Round "2"]
[Board "23"]
[White "Nogueira, Ivan Kuhlmann"]
[Black "Pomar, Marcelo Nascimento"]
[Result "1-0"]
[WhiteElo "2237"]
[BlackElo "1947"]
[PlyCount "81"]
[EventDate "2021.10.28"]
[EventRounds "11"]
[EventCountry "BRA"]

1. e4 e5 2. Nf3 Nc6 3. c4 Bc5 4. Nc3 Nge7 5. Nxe5 Nxe5 6. d4 Bxd4 7. Qxd4 N7c6
8. Qe3 d6 9. Qg3 O-O 10. f4 Ng4 11. h3 Nf6 12. Bd3 Nh5 13. Qf2 f5 14. exf5 Nb4
15. Bb1 Bxf5 16. Bxf5 Rxf5 17. O-O Rf7 18. Qf3 Nf6 19. Qxb7 Rb8 20. Qxa7 c6 21.
Qf2 Nd3 22. Qe2 Nxc1 23. Raxc1 Qb6+ 24. Rf2 Re8 25. Qd2 Rfe7 26. Rcf1 Nh5 27.
Qxd6 Ng3 28. Nd5 Qxf2+ 29. Rxf2 Re1+ 30. Kh2 Ne4 31. Ne7+ Kf7 32. Qxc6 Nxf2 33.
Qd5+ Kxe7 34. Qc5+ Kf7 35. Qxf2 R1e2 36. Qd4 R8e4 37. Qd5+ Kf6 38. Qg5+ Kf7 39.
c5 h6 40. Qd5+ Ke8 41. c6  1-0

[Event "87o Campeonato Brasileiro Absoluto Final Aberta"]
[Site "Cuiaba MT"]
[Date "2021.10.29"]
[Round "2"]
[Board "24"]
[White "Zakowicz, Rafael"]
[Black "Aranha Filho, Alvaro Z."]
[Result "0-1"]
[WhiteElo "1932"]
[BlackElo "2236"]
[PlyCount "132"]
[EventDate "2021.10.28"]
[EventRounds "11"]
[EventCountry "BRA"]

1. e4 c5 2. Nf3 Nc6 3. Bb5 d6 4. O-O Bd7 5. a4 g6 6. d4 cxd4 7. Bxc6 Bxc6 8.
Nxd4 Bg7 9. Nc3 Nf6 10. Re1 O-O 11. Nxc6 bxc6 12. Qd3 Nd7 13. Qh3 Rb8 14. b3
Qa5 15. Bd2 Qc7 16. Rad1 Nc5 17. Bh6 e5 18. Be3 Ne6 19. Qg3 f5 20. exf5 gxf5
21. Bh6 Rf6 22. Bxg7 Nxg7 23. Qh4 Rg6 24. Qc4+ Ne6 25. Qd3 Nf4 26. Qc4+ Kh8 27.
g3 Qb6 28. Qf1 Qc5 29. Re3 d5 30. Ne2 Nxe2+ 31. Rxe2 e4 32. Qh3 Rf8 33. Kh1 Qc3
34. Qh5 Qf6 35. Red2 f4 36. c4 Rh6 37. Qg4 e3 38. fxe3 fxe3 39. Re2 Qe5 40. Qd4
Re6 41. Qxe5+ Rxe5 42. cxd5 cxd5 43. Rd3 Rfe8 44. Kg2 Kg7 45. Kf3 Rf8+ 46. Kg2
Rfe8 47. Kf3 Rf8+ 48. Kg2 Rfe8 49. b4 R8e7 50. b5 Re4 51. a5 d4 52. b6 axb6 53.
axb6 Kf6 54. Kf3 Ke5 55. Rb3 Rf7+ 56. Kg2 Rb7 57. Rb5+ Kd6 58. Kf3 Re5 59. Rxe5
Kxe5 60. Rb2 Rf7+ 61. Kg4 d3 62. b7 Rxb7 63. Rxb7 d2 64. Re7+ Kf6 65. Rxe3
d1=Q+ 66. Rf3+ Ke5  0-1